Vista normal
Vista MARC
Entrada Topical Term
Número de registros utilizados en: 1
001 - CONTROL NUMBER
- control field: 15980
003 - CONTROL NUMBER IDENTIFIER
- control field: OSt
005 - DATE AND TIME OF LATEST TRANSACTION
- control field: 20230915230327.0
008 - FIXED-LENGTH DATA ELEMENTS
- fixed length control field: 230915|| aca||aabn | a|a d
040 ## - CATALOGING SOURCE
- Original cataloging agency: OSt
- Transcribing agency: OSt
150 ## - HEADING--TOPICAL TERM
- Topical term or geographic name entry element: GANDHI, MAHATMA, 1869 - 1948 - BIOGRAFIA
670 ## - SOURCE DATA FOUND
- Source citation: Work cat.: (OSt)22698: Gandhi, Mahatma 15979, Autobiografia la historia de mis experimentos con la verdad , Monte Avila editores